00550nam a2200145 a 4500001001000000003000900010005001700019008004100036040002500077082001500102110003300117245015800150260006400308300003200372000034686DO-SdBNP20240418200629.0111018s1993 dr 000 0 spa d aDO-SdBNPbspacBNPHU axxxxbM533 aSanto DomingobAyuntamiento.00aMemorias del sindico del Distrito Nacional Rafael Corporan de los Santos 1990-1993 :brendida a la Sala Capitular del Ayuntamiento del Distrito Nacional. aSanto Domingo :bAyuntamiento del Distrito Nacional,c1993. a[115 P.] :bretr. ;c22 cm.